000 00282nam a2200121Ia 4500
008 211105s9999 xx 000 0 und d
020 _aVYASA13094
100 _aAkhandananda Saraswathi
245 0 _aTarkasamgrah
250 _a2nd
260 _bMotilal Banarsidass
_c\N
300 _a184
999 _c9851
_d9851